Geometría plana y del espacio: con una introducción a la trigonometría / aurelio baldor (Registro nro. 1536)
[ vista simple ]
| 000 -Cabecera (24) | |
|---|---|
| Campo de control interno | 00721nam a2200181Ia 4500 |
| 005 - Fecha y hora de la | |
| Campo de control | 20220909163618.0 |
| 008 - Códigos de longitud fija (40p) | |
| Campo de control de longitud fija | 210122b ###||||| |||| 00| 0 spa d |
| 040 ## - Origen de la Catalogacion | |
| Origen de la Catalogacion | BIBLIOTECA MUNICIPAL DE BARRANCO |
| Transcribing agency | BIBLIOTECA MUNICIPAL DE BARRANCO |
| 082 ## - Número de la Clasificación | |
| Número de la Clasificación | 516.2207 |
| Número de documento/Ítem | B17 |
| 100 ## - Autor Personal | |
| Autor Personal | Baldor, Aurelio |
| 245 #0 - Titulo | |
| Titulo | Geometría plana y del espacio: con una introducción a la trigonometría / aurelio baldor |
| 260 ## - Pie de imprenta | |
| Ciudad | Ciudad |
| Editorial | de Guatemala: Cultural Centromaircanan |
| Año | 2008 |
| 650 ## - Temas - Descriptores | |
| Temas - Descriptores | Geometría -- Problemas ejercicios, etc. |
| 650 ## - Temas - Descriptores | |
| Temas - Descriptores | Matemática -- Problemas ejercicios, etc. |
| 650 ## - Temas - Descriptores | |
| Temas - Descriptores | Trigonometría -- Problemas ejercicios, etc. |
| 942 ## - Datos personalizados Koha | |
| Tipo de Documento | Libros |
| Esquema de Clasificacion | |
| Catalogador | ERBG |
| Fuente de Clasificacion | Deterioro (estado) | Ubicacion permanente | Ubicacion actual | Fecha de Ingreso a la Biblioteca | Numero inventario | Prestamos | Signatura Topográfica | Código de barras | Ultima fecha de verificacion | Tipo de Item | Ubicación en edificio |
|---|---|---|---|---|---|---|---|---|---|---|---|
| Dewey Decimal Classification | Biblioteca Municipal Manuel Beingolea | Biblioteca Municipal Manuel Beingolea | 01/08/2020 | 008480 | 516.2207 B17 | 008480 | 09/09/2022 | Libros | Depósito |





